[Event "Interpolis-01"]
[Site "Tilburg"]
[Date "1977.10.06"]
[Round "11"]
[White "Balashov, Yuri S"]
[Black "Timman, Jan H"]
[Result "1-0"]
[WhiteElo "2565"]
[BlackElo "2590"]
[Annotator "Ftacnik,L"]
[PlyCount "91"]
[EventDate "1977.09.23"]
[EventType "tourn"]
[EventRounds "11"]
[EventCountry "NED"]
[EventCategory "14"]
[SourceTitle "MCL"]
[Source "ChessBase"]
[SourceDate "1999.07.01"]
[SourceVersion "1"]
[SourceVersionDate "1999.07.01"]
[SourceQuality "1"]

1. e4 d6 2. d4 Nf6 3. Nc3 g6 4. f4 Bg7 5. Nf3 O-O 6. Be3 (6. Bd3 Nc6) 6... b6
$6 (6... Nc6 7. Be2 $36) 7. e5 $1 Ng4 8. Bg1 c5 9. h3 Nh6 (9... cxd4 10. Qxd4 {
P d5+- Kovacevic}) 10. d5 $1 Nf5 11. Bf2 dxe5 12. fxe5 Nd7 (12... e6 13. Bc4)
13. Qe2 Bb7 (13... e6 $1 14. dxe6 (14. g4 Nd4 15. Nxd4 cxd4 16. Bxd4 Qg5 $1 17.
dxe6 (17. Ne4 Qf4 18. Bg2 exd5 19. Rf1 Qh2 20. Rh1 $10) 17... Bb7 $1 18. exf7+
Kh8 $132) (14. O-O-O exd5 15. Nxd5 Re8 16. g4 Nd4 17. Nxd4 cxd4 18. Bxd4 Nxe5
19. Bg2 Bb7 $15) 14... fxe6 15. O-O-O $14) (13... Qc7 14. Nb5 (14. g4 Nd4 15.
Nxd4 cxd4 16. Bxd4 Bxe5 17. O-O-O Bb7) 14... Qb8 15. g4 a6 $1 16. Nc3 Nd4 17.
Nxd4 cxd4 18. Bxd4 Bxe5 19. O-O-O Bb7 {P b5}) 14. O-O-O Qb8 (14... e6 15. dxe6
fxe6 16. Qb5 $1 Rf7 17. Bc4 Qe8 18. Rhe1 $14) 15. g4 (15. Re1 $6 b5 $1 16. Qxb5
(16. g4 $6 Nd4 17. Nxd4 cxd4 18. Bxd4 b4 {P d5}) 16... Nxe5 17. Nxe5 Bxe5 $17)
15... Nd4 16. Nxd4 cxd4 17. Bxd4 Bxe5 (17... Nxe5 18. Re1 f6 $16) 18. Bg2 Bxd4
19. Rxd4 Qd6 20. Re1 Rfe8 (20... e5 21. dxe6 Qxd4 22. Bxb7 Rab8 23. Bc6 $1 (23.
e7 $143 Rfe8) (23. Bd5 Nf6 24. exf7+ Kg7 25. Bb3) 23... Nf6 24. g5 $16 {/+-})
21. Nb5 Qg3 (21... Qc5 22. b4 $1 Qc8 23. Rc4 Qb8 24. Nc7 $16 {/+-}) (21... Qf6
22. Qd2 {P 23. c7+/-/+-}) (21... Qh2 22. Qf2 $1 a6 23. Rf4 $1 {P 24. h1} g5 24.
Rf5 axb5 25. Rxg5+ Kf8 26. Qh4 $40) (21... Qb8 $1 {? Kovacevic} 22. Kb1 (22. d6
Bxg2 (22... e5 23. Rd2) 23. dxe7 $3 Bc6 24. Nd6 b5 25. Qf2 f6 26. Qe3 Ne5 27.
Qb3+ Kg7 28. Rxe5 $1 fxe5 29. Qf7+ Kh8 30. Qf6+ Kg8 31. Nf7 {P 32. h6# Balashov
}) 22... a6 23. Nc3 $16) 22. Qe3 $1 Qh2 (22... Qxg2 23. Rd2 $18) 23. Qf4 Qxf4+
(23... Qxg2 24. Rd2 Qxh3 25. Rh2 $18) 24. Rxf4 {P c7} Rac8 25. Nxa7 Ra8 26. Nc6
Rxa2 27. Rxe7 $1 Ra1+ 28. Kd2 Rxe7 29. Nxe7+ Kf8 30. Nc6 $18 Rg1 31. Rf2 Ba6
32. b3 Nc5 33. Ne5 Ke7 34. g5 (34. Rxf7+ $2 Kd6) 34... Bc8 35. Rxf7+ Ke8 (35...
Kd6 36. Nc4#) 36. Rf2 Bf5 (36... Bxh3 37. Bxh3 Ne4+ 38. Ke3 Nxf2 39. Kxf2 Rxg5
40. Nd7 $1 $18) 37. d6 Be4 (37... Rxg2 38. Rxg2 Ne4+ 39. Ke3 Nxd6 40. h4 $18)
38. b4 Rxg2 39. Rxg2 Bxg2 40. bxc5 bxc5 41. h4 Bh3 42. Ke3 (42. Kc3 Be6) 42...
Bf5 43. c3 Kd8 44. Kf4 Ke8 45. Nc4 Kd7 46. Ke5 1-0

[Event "Budapest zt playoff"]
[Site "Budapest"]
[Date "1993.??.??"]
[Round "1"]
[White "Polgar, Judit"]
[Black "Ftacnik, Lubomir"]
[Result "1-0"]
[WhiteElo "2595"]
[BlackElo "2535"]
[Annotator "Ftacnik,L"]
[PlyCount "121"]
[EventDate "1993.03.??"]
[EventType "tourn"]
[EventRounds "6"]
[EventCountry "HUN"]
[EventCategory "12"]
[SourceTitle "CBM 034"]
[Source "ChessBase"]
[SourceDate "1993.06.01"]
[SourceVersion "1"]
[SourceVersionDate "1993.06.01"]
[SourceQuality "1"]

1. e4 {Stohl} d6 2. d4 Nf6 3. Nc3 g6 4. f4 Bg7 5. Nf3 O-O 6. Bd3 Nc6 7. O-O e5
8. fxe5 (8. d5 {Stohl} Nd4 9. fxe5 {-8.fxe5}) (8. dxe5 {Stohl} dxe5 9. f5 gxf5
10. exf5 e4 $1 $10) 8... dxe5 9. d5 Nd4 (9... Nb4 {Stohl} 10. Bg5 $5 (10. Bc4
Ne8 11. a3 Nd6 $13) 10... Nxd3 11. Qxd3 Qe7 12. Kh1 h6 13. Bh4 Bd7 14. Nd2 $36
b6 $2 15. d6 $1 Qe6 16. Bxf6 Bxf6 17. Nd5 $18 {Motwani,P-Wolff,P,London WFW
1989-CBM 13}) (9... Ne7 {Stohl} 10. Nxe5 Nfxd5 11. Nxf7 $5 $44) 10. Nxe5 (10.
Qe1 {Stohl} Ne8 $1 11. Be3 Nd6 12. Ne2 Nxf3+ 13. gxf3 Bh3 14. Rf2 f5 15. Kh1 f4
16. Bd2 Bf6 17. Ng1 Bd7 $15 {Luther,T-Gipslis,A,Ostrava 1992-CBM 33}) 10...
Nxe4 (10... Nxd5 {Stohl} 11. Nxd5 Bxe5 12. Bf4 Nc6 $5 13. Qd2 Be6 14. Bh6 {N}
Bg7 15. Bxg7 Kxg7 16. Qc3+ f6 17. Ba6 $1 Rb8 18. Rad1 (18. Bxb7 Rxb7 19. Qxc6
Bxd5 20. exd5 Rxb2 $10) 18... Bxd5 19. Rxd5 Qe8 20. Rc5 Qxe4 21. Re1 Qh4 22. g3
Qg4 23. Bxb7 Rxb7 24. Rxc6 $14 {Nevostrujev,V-Zakharevich,I,RUS-chS Orel 1992})
11. Bxe4 (11. Nxe4 {Stohl} Bxe5 12. c4 Nf5 $1 $15) 11... Bxe5 12. Bf4 Bxf4 $6 (
12... Bg7 $5 13. Qd2 Bd7 {/\ Nf5-d6} (13... Re8 {Stohl} 14. Rae1 c6 15. Kh1 f5
$6 16. Bd3 Rxe1 17. Rxe1 cxd5 18. Bg5 Qf8 19. Nxd5 $16 {Winterstein,
W-Brettschneider,S,Baden Baden op 1991})) 13. Rxf4 Nf5 14. Bxf5 Bxf5 15. Qd4 $1
(15. Qd2 {Stohl} Qd6 16. Raf1 Rae8 $10) 15... Bxc2 (15... Qe7 $5 16. Ne4 $5
Bxe4 17. Rxe4 $14 (17. Rxe4 {Stohl} Qd7 18. c4 $14)) 16. Re1 $5 (16. Raf1 Qe7
$1 17. Qd2 Bf5 18. g4 Bc8 $1 $8 19. d6 $1 Qxd6 20. Rd4 Qe5 21. Nd5 Be6 $10 {
Polgar,J-Stohl,I/Brno/1991/}) 16... f5 $2 (16... Bf5 $2 17. g4 Bc8 (17... Bd7
$44 {Stohl /\} 18. d6 $6 Bc6 $1) (17... Qh4 18. Re5 $1 Bd7 19. g5 {/\Ne4->})
18. d6 $1 c6 19. Re7 $18) (16... h5 $5 $13) (16... g5 $5 17. Rf6 Bg6 18. d6 (
18. Ref1 Re8 19. h4 $13) 18... c6 19. Re7 Qb6 20. Qxb6 axb6 21. Rxb7 b5 $13 (
21... Kg7 {Stohl} 22. Rf2 $36)) 17. Qc4 Kh8 (17... Rf7 {Stohl} 18. Re2 Be4 19.
Nxe4 fxe4 20. d6 $18) 18. Rc1 $1 (18. Rf2 Be4 $10) (18. Nb5 Be4 19. Nxc7 Rc8
20. Qd4+ Qf6 $10) (18. Re2 Be4 19. Nxe4 fxe4 20. Rxf8+ (20. Qd4+ {Stohl} Kg8
21. Rfxe4 Qf6 $10) 20... Qxf8 21. Qxc7 Qf6 $1 22. Rxe4 $140 Qxb2 $132) 18...
Be4 19. Nxe4 fxe4 20. Qd4+ Kg8 21. Rxf8+ Qxf8 (21... Kxf8 22. Qh8+ $18 (22.
Qh8+ {Stohl} Ke7 23. Qxh7+ $18)) 22. Rxc7 $18 e3 $8 (22... Re8 23. d6 e3 (23...
Rd8 24. Qc4+ Kh8 25. Qc3+ Kg8 26. Qh3 h6 27. Qe6+ $18) 24. Qd5+ Kh8 25. Rf7 Qh6
26. d7 Rd8 27. Qe5+ Kg8 28. Qe8+ $18) 23. Qxe3 Re8 24. Qf2 (24. Qc3 Re2 25. Rc8
Re1+ 26. Qxe1 Qxc8 $16 (26... Qxc8 {Stohl} 27. Qe5 Kf7 $1 $16)) 24... Qxf2+ 25.
Kxf2 Rd8 26. Rxb7 Rxd5 27. Ke3 $1 (27. Rxa7 Rd2+ 28. Kf3 Rxb2 29. h4 $16) 27...
a5 (27... Ra5 28. a3 Ra6 29. Kd4 $18) 28. a4 (28. a3 $5 $18 {Stohl /\b4}) 28...
Rd1 29. h4 $6 (29. Rb5 $1 Rb1 (29... Rg1 {Stohl} 30. Rxa5 Rxg2 31. Rb5 Rxh2 32.
a5 Rh1 33. b4 Ra1 34. Rb6 g5 35. a6 $18) 30. g4 (30. Kd3 $18) 30... Kg7 31. Kd3
$18) 29... Rg1 30. Kf3 Rf1+ 31. Kg3 Rd1 32. Rb5 Rd3+ 33. Kf2 h5 (33... Rd4 34.
b3 Rd3) 34. Ke2 (34. Rxa5 Rd2+ 35. Kf3 (35. Ke3 {Stohl} Rxb2 36. Rg5 Rb4 $1
$132 (36... Kf7 37. g3 $18)) 35... Rxb2 36. Ra7 $18) 34... Rg3 35. Kf1 Rg4 36.
b3 (36. Rxa5 {Stohl} Rb4 37. Rb5 Rxa4 38. b4 $18) 36... Rg3 (36... Rxh4 37.
Rxa5 Rb4 38. Rb5 $18) 37. Kf2 Rc3 38. Rxa5 Rxb3 39. Ra7 Rb4 (39... Rb2+ 40. Kf3
Rb3+ 41. Kf4 Rb4+ 42. Kg5 Rg4+ 43. Kh6 Rxg2 44. a5 $1 (44. Rg7+ Kf8 45. Rxg6
Rg4 $3 46. Rxg4 hxg4 47. a5 g3 48. a6 g2 49. a7 g1=Q 50. a8=Q+ $10) 44... Kf8
45. a6 Ra2 46. Ra8+ Kf7 47. a7 Ra6 48. Rh8 $18) 40. g3 Rb3 41. a5 Ra3 42. a6
Kf8 43. Ke2 Ke8 (43... Rxg3 44. Rb7 $18) 44. Kd2 Kd8 45. Ra8+ Kc7 (45... Kd7 {
Stohl} 46. a7 {/\Rh8} Kc6 47. Rc8+ Kb7 48. a8=Q+ Rxa8 49. Rxa8 Kxa8 50. Ke3 $18
) 46. a7 Kb6 47. Rg8 Rxa7 48. Rxg6+ Kc5 49. Ke3 $1 (49. Rg5+ Kd4 50. Rxh5 Ra2+
(50... Rg7 51. Rg5 Rxg5 52. hxg5 Ke5 53. g4 Ke6 54. Ke3 Kf7 55. Ke4 Kg6 56. Kf4
$18) 51. Ke1 Ke3 $132) 49... Rh7 (49... Kd5 {Stohl} 50. Rg5+ $18) 50. Ke4 Rh8
51. Ke5 (51. Kf5 {Stohl} Kd5 $5) 51... Kc4 52. Rg5 (52. Kf6 Kd4 53. Kg7 Ra8 54.
Rg5 Ke4 55. Rxh5 Ra7+ 56. Kg6 Ra6+ 57. Kg5 Kf3 $14) 52... Kd3 53. Kf4 $1 (53.
Kf6 Ke4 54. Kg7 Ra8 55. Rxh5 Ra7+) 53... Kd4 (53... Rf8+ 54. Rf5 Rh8 55. Rd5+
Ke2 56. g4 hxg4 57. Kxg4 Ke3 58. h5 Ke4 59. Ra5 Rg8+ 60. Kh4 Kf4 (60... Rh8 61.
Kg5 Rg8+ 62. Kf6 Rb8 63. h6 Rb6+ 64. Kg5 Rb7 65. Ra8 $18) 61. h6 Rg1 62. Kh5
$18) 54. Rf5 Rh7 (54... Kd3 55. Rd5+ (55. g4 {Stohl} hxg4 56. Kxg4 $18) 55...
Ke2 56. g4) 55. Rf8 Kd5 56. Kf5 Rg7 57. Rd8+ $1 Kc6 58. Kf4 Rg4+ (58... Rf7+
59. Kg5 Rg7+ 60. Kxh5 Rxg3 61. Kh6 $18 (61. Kh6 {Stohl} Kc7 62. Rd4 {/\h5,Kh7,
h6,Kh8,h7,Rf4-f8-g8+-})) 59. Kf3 Rg7 (59... Ra4 60. Rh8 Ra5 61. Rg8 Ra7 62.
Rg6+ $1 $18) 60. Rh8 Rf7+ 61. Ke4 (61. Ke4 Re7+ 62. Kf4 Rf7+ 63. Kg5 Rg7+ 64.
Kxh5 Rxg3 65. Rd8 $18 (65. Rd8 {Stohl} Ra3 66. Kg6 Kc7 67. Rd4 Ra6+ 68. Kg5
Ra5+ 69. Kg4 $18)) 1-0

[Event "EU-Cup 09th final"]
[Site "Hilversum"]
[Date "1993.12.10"]
[Round "1"]
[White "Schlosser, Michael"]
[Black "Nijboer, Friso"]
[Result "0-1"]
[WhiteElo "2400"]
[BlackElo "2555"]
[Annotator "Ftacnik,L"]
[PlyCount "65"]
[EventDate "1993.12.10"]
[EventType "team-k.o."]
[EventRounds "3"]
[EventCountry "NED"]
[SourceTitle "EXT 2020"]
[Source "ChessBase"]
[SourceDate "2019.10.17"]
[SourceVersion "1"]
[SourceVersionDate "2019.10.17"]
[SourceQuality "1"]
[WhiteTeam "Vienna Margareten Winterthur"]
[BlackTeam "Hilversum"]
[WhiteTeamCountry "AUT"]
[BlackTeamCountry "NED"]

1. e4 d6 2. d4 Nf6 3. Nc3 g6 4. f4 Bg7 5. Nf3 c5 6. dxc5 Qa5 7. Bd3 Qxc5 8. Qe2
Nc6 9. Be3 Qa5 10. O-O Bg4 11. h3 (11. Qe1 O-O 12. Kh1 Nb4 13. Nd4 Nxd3 14.
cxd3 Bd7 15. h3 e6 {Van der Wiel,J-Nijboer/Wijk/1993/}) 11... Bxf3 12. Qxf3 O-O
13. a3 Nd7 14. Bd2 Qb6+ 15. Kh1 Nc5 16. Rab1 Nxd3 17. cxd3 f5 18. g4 $5 e6 19.
Rg1 Nd4 20. Qg3 Qb3 21. Rg2 Rac8 22. gxf5 exf5 23. Rbg1 Rf7 (23... Qxb2 24. Nd5
Rfe8 25. Bc3 Qxa3 26. Bxd4 Bxd4 27. exf5 $40) 24. Bc1 Ne6 25. Nd5 Nc5 26. Qh4
Re8 (26... Nxd3 $5 27. Ne7+ Rxe7 28. Qxe7 Nxc1 $17) 27. Ne3 Nxd3 28. exf5 Nxc1
29. fxg6 hxg6 30. Rxg6 Qxe3 31. Qg4 Qe4+ 32. Rg2 Qd4 33. h4 0-1

[Event "Munich SKA"]
[Site "Munich"]
[Date "1991.05.06"]
[Round "3"]
[White "Beliavsky, Alexander G"]
[Black "Anand, Viswanathan"]
[Result "0-1"]
[WhiteElo "2640"]
[BlackElo "2635"]
[Annotator "Ftacnik,L"]
[PlyCount "56"]
[EventDate "1991.05.04"]
[EventType "tourn"]
[EventRounds "13"]
[EventCountry "GER"]
[EventCategory "14"]
[SourceTitle "CBM 023"]
[Source "ChessBase"]
[SourceDate "1991.08.01"]
[SourceVersion "1"]
[SourceVersionDate "1991.08.01"]
[SourceQuality "1"]

1. d4 {King Hansen,Cu} d6 2. e4 Nf6 3. Nc3 g6 4. f4 Bg7 5. Nf3 O-O 6. Be3 b6 7.
e5 Ng4 8. Bg1 c5 9. h3 Nh6 10. d5 Bb7 {N} (10... Nf5 11. Bf2 Nd7 12. g4 Nd4 13.
Nxd4 cxd4 14. Qxd4 dxe5 15. fxe5 Nxe5 16. Qe3 f5 17. Bg3 Qd6 $13 {
Mikhalchishin,A-Kosten,A/Budapest/1989/}) (10... Nd7 11. Bh2 Nf5 12. Bb5 Bb7
13. g4 Nd4 14. Nxd4 cxd4 15. Qxd4 Qc7 16. Bxd7 Qxd7 $44 {Beliavsky,A-Speelman,
J/Reykjavik/1988/} (16... Qxd7 {King} 17. O-O-O f5 18. exf6 Bxf6 19. Qd3 Rac8
20. Ne4 Bg7 21. Kb1 Qa4 22. Rhe1 Ba6 23. Qb3 Qa5 24. a3 Bb5 $13 {
Belyavsky-Speelman, Reykjavik 1988.})) 11. Qd2 Nf5 12. Bh2 dxe5 13. fxe5 e6 $1
14. O-O-O (14. g4 Nh4) (14. d6 {Hansen,Cu} Nd7 {><e5}) 14... exd5 15. Nxd5 Nc6
16. c3 $6 Ncd4 $1 17. Nf6+ (17. cxd4 Qxd5 18. Kb1 Rad8 $17) 17... Bxf6 18. cxd4
Bg7 19. d5 c4 $1 20. Be2 $2 (20. Kb1 $5) 20... Rc8 21. Kb1 Bh6 22. Bf4 (22. Qc3
Bxd5 $17) 22... Bxf4 23. Qxf4 Bxd5 24. h4 c3 25. bxc3 Rxc3 26. h5 Ne3 $1 27.
Ng5 (27. hxg6 fxg6 28. Qh6 Qc7 $19) 27... Qc7 28. Nxh7 Rb3+ $1 {Ftacnik,L} (
28... Rb3+ $1 29. axb3 Qc2+ 30. Ka1 Qc3+ 31. Kb1 Qxb3+ 32. Ka1 Nc2#) 0-1

[Event "EU-ch 19th"]
[Site "Batumi"]
[Date "2018.03.25"]
[Round "8"]
[White "Ter Sahakyan, Samvel"]
[Black "Onischuk, Vladimir"]
[Result "0-1"]
[WhiteElo "2553"]
[BlackElo "2632"]
[Annotator "Ftacnik,L"]
[PlyCount "94"]
[EventDate "2018.03.17"]
[EventType "swiss"]
[EventRounds "11"]
[EventCountry "GEO"]
[SourceTitle "CBM 184"]
[Source "ChessBase"]
[SourceDate "2018.05.16"]
[SourceVersion "1"]
[SourceVersionDate "2018.05.16"]
[SourceQuality "1"]

1. e4 d6 2. d4 Nf6 3. Nc3 g6 4. f4 Bg7 5. Nf3 O-O 6. e5 dxe5 7. fxe5 Nd5 (7...
Nfd7 {The minority move was played few times in order to avoid the fight in
the main line.}) 8. Bc4 Nxc3 {A natural, but nowhere near forced continuation.
Black has two other solid moves that can fight for the title of the best
solution.} (8... Nb6 9. Bb3 (9. Be2 Nc6 10. Ne4 Bf5 11. Ng3 Bg4 12. c3 f6 13.
exf6 exf6 14. O-O Re8 15. h3 Qd6 16. hxg4 Qxg3 17. Nh2 Qd6 18. Bf4 Qd7 19. Bf3
Kh8 20. Re1 $11 {1/2-1/2 (59) Skoberne,J (2542)-Indjic,A (2560) chess.com INT
2017}) 9... Nc6 (9... Bg4 10. Ne4 Nc6 11. c3 Na5 12. Bc2 f6 13. exf6 exf6 14.
O-O Qd5 15. Nc5 Rae8 16. b4 Nac4 17. Bb3 Nc8 18. h3 Be6 19. Nxe6 Rxe6 20. Nd2
b5 21. a4 $18 {1-0 (28) Smirnov,P (2600)-Bocharov,D (2561) Vladivostok 2015})
10. O-O Na5 (10... Bg4 11. Be3 e6 12. h3 Bxf3 13. Rxf3 Na5 14. Ne4 Nxb3 15.
axb3 Nd5 16. Bg5 Qc8 17. c4 Nb6 18. Qd2 Nd7 19. Raf1 $18 {1-0 (25) Oparin,G 
(2569)-Malakhov,V (2694) Moscow 2015}) 11. h3 (11. Qe1 Nxb3 12. axb3 Bf5 13.
Qh4 Bxc2 14. Rf2 Bxb3 15. Ng5 h5 16. Ra3 Bc4 17. Nce4 Qxd4 18. Nf6+ exf6 19.
Qxd4 Rfd8 20. Be3 Rxd4 21. Bxd4 fxg5 $19 {0-1 (24) Stevic,H (2571)-Smirin,I 
(2630) Plovdiv 2008}) 11... Nxb3 12. axb3 f6 13. Qe2 c6 14. Ne4 fxe5 15. dxe5
Nd5 16. c4 Nf4 17. Bxf4 Rxf4 18. Qe3 Rf8 19. Ng3 Qc7 20. Kh1 $11 {1/2-1/2 (37)
Artemiev,V (2674)-Petrosian,T (2607) Moscow 2016}) (8... Be6 9. Nxd5 (9. Qe2 c6
10. Ne4 Qb6 11. c3 Nc7 12. Bxe6 Nxe6 13. Nfg5 Nxg5 14. Bxg5 Qd8 15. O-O Nd7 16.
e6 fxe6 17. Nd6 Rxf1+ 18. Rxf1 Nf8 19. Nxb7 Qd5 20. Bxe7 $16 {0-1 (54)
Vocaturo,D (2604)-Minasian,A (2480) Minsk 2017}) 9... Bxd5 10. Bxd5 Qxd5 11.
Qe2 c5 (11... Nc6 12. c4 Qa5+ (12... Qd7 13. d5 Nd8 14. Bg5 (14. Bf4 b5 15.
O-O-O bxc4 16. Qxc4 e6 17. Rhe1 Rb8 18. Be3 a5 19. d6 cxd6 20. Rxd6 Qb7 $15 {
0-1 (31) Hovhannisyan,R (2591)-Petrosian,T (2651) Yerevan 2014}) 14... b5 15.
O-O bxc4 16. Qxc4 c6 17. Rfd1 h6 18. Bh4 g5 19. Bg3 cxd5 20. Qxd5 Qxd5 21. Rxd5
Ne6 22. Rd7 Rfb8 23. b3 Kf8 $11 {0-1 (39) Pashikian,A (2617)-Petrosian,T (2651)
Yerevan 2014}) 13. Bd2 Qa6 (13... Qb6 14. Bc3 e6 15. O-O-O Qa6 16. Kb1 Rab8 17.
h4 b5 18. c5 Qc8 19. h5 Qd8 20. b3 a5 21. Rh3 $14 {1-0 (36) Salem,A (2603)
-Petrosian,T (2671) Moscow 2015}) 14. d5 Na5 15. Rc1 b6 16. O-O Rad8 17. Bg5 f6
18. Bh4 Nb7 19. Nd4 Nc5 20. b4 Rxd5 21. cxd5 {1-0 (21) Salem,A (2656)-Mamedov,
R (2688) Doha 2016}) 12. c4 Qd7 13. d5 (13. Be3 Nc6 14. d5 Nxe5 15. Nxe5 Bxe5
16. Bxc5 Qc7 17. Ba3 Rac8 18. Rc1 Bxh2 19. Rc3 Rfd8 20. g4 Bg3+ 21. Kf1 Be5 $17
{0-1 (35) Perunovic,M (2622)-Onischuk,V (2612) Berlin 2015}) 13... e6 14. Qe4 (
14. d6 f6 15. Bf4 fxe5 16. Bxe5 Bxe5 17. Qxe5 Nc6 18. Qxc5 Rf5 19. Qe3 Qxd6 20.
O-O Rd8 21. Rae1 e5 22. b3 b6 23. Ng5 $11 {1/2-1/2 (45) Krause,B (2453)-Saric,
I (2662) Germany 2018}) 14... exd5 15. cxd5 Rd8 16. d6 Re8 17. O-O Nc6 18. Qh4
Nxe5 19. Bf4 Nxf3+ 20. Rxf3 Bxb2 21. Raf1 Re4 $19 {0-1 (33) Halkias,S (2585)
-Saric,I (2652) Tallinn 2016}) 9. bxc3 c5 10. O-O Bg4 {Without active
development of this bishop White will not feel the heat against his centre and
can easily develop a kingside attack.} (10... Nc6 11. Ng5 e6 12. Be3 Bh6 13.
Qg4 Bg7 14. Rad1 cxd4 15. cxd4 b5 16. Bb3 Ne7 17. Ne4 Bb7 18. Nd6 Bd5 19. Bg5
Bxb3 20. axb3 Qd7 21. Bxe7 Qxe7 22. Nxb5 $16 {1/2-1/2 (53) Shomoev,A (2561)
-Bocharov,D (2558) Khanty-Mansiysk 2015}) 11. Qd3 {White is acknowledging,
that the natural 11.h3 probably does not promise any advantage.} (11. Be3 Nc6
12. h3 (12. Qd2 Qa5 (12... Rc8 13. Ng5 e6 14. Bb5 Bf5 15. h3 cxd4 16. cxd4 Qa5
17. Qxa5 Nxa5 18. Bd2 Bh6 19. h4 Nc4 $17 {0-1 (71) Nilsen,J (2416)-Lie,K (2538)
Norway 2018}) 13. Ng5 cxd4 14. Rxf7 Rxf7 15. Bxf7+ Kh8 16. Bxd4 Rf8 17. Qf4
Nxe5 18. Re1 Nxf7 19. Nxf7+ Kg8 20. Rxe7 Qf5 21. Qxf5 Bxf5 22. Bxg7 Rxf7 23.
Rxf7 Kxf7 $11 {1/2-1/2 (24) Christiansen,J (2495)-Onischuk,V (2637) Riadh 2017}
) (12. Rb1 Rc8 13. Be2 Qa5 14. Rxb7 Qxc3 15. Rb3 Qa5 16. Rb5 Qa3 17. Bc1 Qa4
18. c3 Qxd1 19. Rxd1 cxd4 20. cxd4 Bxf3 21. Bxf3 Nxd4 22. Rxd4 Rxc1+ 23. Rd1
Rfc8 $17 {0-1 (42) Hague,B (2368)-Demuth,A (2538) Palmerston North 2018}) 12...
Bxf3 13. Rxf3 Qa5 14. Qe1 (14. Qf1 Qxc3 15. Rd1 cxd4 16. Bxd4 Qa5 17. Rxf7 Kh8
18. Ba1 Rxf7 19. Qxf7 Rf8 20. Qe6 Bxe5 $11 {1/2-1/2 (42) Salem,A (2656)
-Onischuk,V (2601) Doha 2016}) (14. Bf2 Rad8 15. Qf1 e6 16. Bb5 cxd4 17. Bxc6
bxc6 18. cxd4 c5 19. c3 cxd4 20. cxd4 Rd7 21. Rb3 f6 22. Qc4 Qd5 $11 {1/2-1/2 
(30) Shevchenko,K (2527)-Mchedlishvili,M (2590) Linares 2017}) 14... Rad8 15.
Bb3 cxd4 16. cxd4 Qxe1+ 17. Rxe1 Nxd4 18. Bxd4 Rxd4 19. Rc3 e6 20. Rc7 Rb4 $17
{1/2-1/2 (79) Wei,Y (2707)-Onischuk,V (2601) Doha 2016}) (11. h3 Bxf3 12. Qxf3
Nc6 13. Rd1 Qc7 (13... Rc8 $5) 14. Bf4 (14. Bd5 Na5 15. e6 fxe6 16. Bxe6+ Kh8
17. Qe4 cxd4 18. cxd4 Nc4 19. Rb1 Nd6 20. Qe2 Nf5 21. Rb4 $11 {0-1 (40)
Fischman-Shutrov,E Baku (Azerbaijan) 1964}) 14... cxd4 15. e6 Qc8 16. exf7+ Kh8
17. Qe4 Nd8 18. Bb3 Nxf7 19. cxd4 Nd6 20. Qxe7 Rxf4 21. Qxd6 Qf8 $14 {1/2-1/2 
(44) Kollars,D (2500)-Baklan,V (2600) Trieste 2017}) 11... Nc6 (11... Bxf3 12.
Qxf3 (12. Rxf3 Nc6 13. Be3 e6 14. Raf1 Qc7 15. Bg5 cxd4 16. cxd4 Qb6 17. Be3
Rad8 18. R3f2 Qc7 19. Qc3 Nxe5 20. dxe5 Rc8 21. Qb3 Qxc4 22. Qxb7 Rc7 $17 {
0-1 (42) Pichot,A (2552)-Movsziszian,K (2540) Barcelona 2018}) 12... Nc6 13.
Bxf7+ Kh8 14. Be3 Qc8 15. Qg3 cxd4 16. cxd4 Nb4 17. Bg5 Nxc2 18. Rad1 $16 {
1-0 (18) Ivanisevic,I (2656)-Yilmazyerli,M (2424) Warsaw 2016}) 12. Ng5 (12.
Qe4 Bxf3 13. Qxf3 cxd4 14. Bxf7+ Kh8 15. e6 dxc3 $15) 12... e6 13. Qg3 Bf5 14.
Rxf5 $5 {The position right out of the opening has become really charged.
White's only other serious try was 14.Ba3, when Black gets a lot of
counterplay with the help of an exchange sacrifice:} (14. Ba3 cxd4 15. Bxf8
Qxf8 16. Qh4 Bh6 (16... h6 17. Nxe6 fxe6 18. Bxe6+ Bxe6 19. Rxf8+ Rxf8 20. cxd4
g5 21. Qh5 Nxd4 $11) 17. cxd4 Bxg5 18. Qxg5 Nxd4 (18... Qb4 19. d5 Nxe5 20. Bb3
$14) 19. Kh1 Qc5 $11) 14... exf5 15. e6 $1 (15. h3 Na5 16. Bd3 cxd4 $17) 15...
Bxd4+ 16. Kf1 (16. Be3 Bxe3+ 17. Qxe3 Qf6 $15) 16... Be5 17. Bf4 (17. Qf3 fxe6
18. Nxe6 Qh4 $17) 17... Bxf4 18. exf7+ $2 {Greed is probably not the best
adviser in complex positions. It is very human to want to posess, but in chess
the execution of the threat could very well mean a great relief for the
defender.} (18. Qxf4 $1 fxe6 (18... Qf6 19. Re1 Qxc3 20. e7 Nxe7 21. Rxe7 Rad8
22. Nxf7 Rd1+ 23. Kf2 Rd2+ 24. Kg1 Rd1+ $11) 19. Nxe6 Qf6 20. Nxf8+ Kxf8 21.
Re1 Qxc3 22. Qh6+ Qg7 23. Qe3 Qf6 24. Qh6+ $11) 18... Kh8 19. Qxf4 Qf6 20. Re1
Qxc3 21. Qh4 (21. Bb3 Rac8 22. Qh4 h5 23. Ne6 Rxf7 24. Nf4 c4 25. Nxg6+ Kg7 26.
Bxc4 Rfc7 $17) 21... h5 22. Nf3 Rad8 $2 {A rare case when the king move should
have been preferred over all the advantageous improvement of pieces.} (22...
Kg7 $1 23. Qf4 Na5 $17) 23. Re6 Qg7 24. Qg5 $2 {In all honesty unusual,
somewhat irrational positions are fiendishly difficult to handle. The queen
should have gone to g3 in order not to block the g5-square for the knight.} (
24. Qg3 $1 Kh7 25. Ng5+ Kh6 26. c3 Rd1+ 27. Kf2 Rd2+ $11) 24... Kh7 25. Nh4 $2
{[%mdl 64] Positionally dubious moves tend to be weaker on the tactical plane
too. Onischuk will find a way to exchange pieces and extricate himself from
the trouble.} (25. c3 Rd1+ 26. Ke2 Rd7 27. Qe3 Rdxf7 28. Ng5+ Kh8 29. Nxf7+
Rxf7 $17) 25... Rd1+ 26. Kf2 (26. Ke2 Rd6 $1 27. Nxf5 Rxe6+ 28. Bxe6 Nd4+ 29.
Nxd4 Qxd4 $19) 26... Qd4+ 27. Kg3 (27. Ke2 Qxc4+ $19) (27. Kf3 Qc3+ 28. Kf2
Qd2+ $19) 27... Qg4+ 28. Qxg4 hxg4 {The game is not yet over, but White's real
attack surely is.} 29. Rxg6 (29. Nxg6 Rxf7 $19) 29... Ne5 30. Rg8 Rdd8 $1 (
30... Rxf7 31. Bxf7 Nxf7 32. Rb8 Nd6 33. Kf4 $11) 31. Nxf5 (31. Rxf8 Rxf8 32.
Bd5 b5 33. Nxf5 Nxf7 $19) 31... Nxc4 32. Rg7+ Kh8 33. Rxg4 Rxf7 34. Rh4+ Rh7
35. Rxc4 Rg8+ 36. Kf3 Rxh2 {Ter Sahakyan has fought heroically, but the
position remains difficult. The knight is no real match for the rook.} 37. Rxc5
Rgxg2 38. Rc7 (38. Rc8+ Rg8 39. Rc7 Rh7 $17) 38... Rxc2 39. Rxb7 Rxa2 40. Ke4
Rhb2 41. Rc7 Re2+ 42. Kf4 Kg8 {The king does not want to become a target of
some wild counterattack, Black should be winning.} (42... Rf2+ 43. Ke4 Ra4+ 44.
Nd4 Rd2 45. Rd7 a5 $19) 43. Ne3 (43. Ne7+ Kf8 44. Nd5 Re1 $19) 43... Rf2+ 44.
Ke4 Rf7 45. Rc8+ Rf8 46. Rc3 Re8+ 47. Kd3 Rh2 {White decided that the material
imbalance is too big for sensible resistance.} (47... a5 48. Nd5 Rd8 49. Rc5 a4
$19) 0-1